000 00479nam a2200181Ia 4500
003 GCL
008 140319s9999 xx 000 0 eng d
040 _aGCL /
_cGCL
082 0 4 _a910.202
_bW W
245 1 0 _aWORLD TRAVEL & TOURISM :
_bAFRICA
250 _aFIRST
260 _aانجلترا :
_bWORLD OF INFORMATION ،
_c2001
300 _a26 CM ؛
_c351 P
650 0 4 _aAFRICA
650 0 4 _aAFRICA - DESCRIPTION AND TRAVELS
650 0 4 _aTOURISM - AFRICA
942 _2ddc
_cBK
999 _c5729
_d5729